000 00317nam a22001337a 4500
008 170222b xxu||||| |||| 00| 0 eng d
020 _a9780683021387
041 _aeng
080 _22ND
_a616.31
100 _a5
101 _aSHS
245 _aPRACTICAL INFECTION CONTROL IN DENTISTRY
_cCOTTONE, J.A
942 _2udc
_cBK
999 _c6083
_d6083